Trò chuyện cùng muông thú
Sách tập hợp những thông tin đa dạng đem đến cho bạn đọc nhiều hiểu biét phong phú về thế giới động vật và cảm nhận rõ hơn sự tiến triển và hình thành các trạng thái sinh học của các loài động vật trên thế giới....
Kaydedildi:
| Materyal Türü: | Kitap |
|---|---|
| Dil: | Undetermined |
| Baskı/Yayın Bilgisi: |
Hà Nội
Thanh Niên
1999
|
| Konular: | |
| Etiketler: |
Etiketle
Etiket eklenmemiş, İlk siz ekleyin!
|
| Thư viện lưu trữ: | Trung tâm Học liệu Trường Đại học Cần Thơ |
|---|
| LEADER | 00838nam a2200193Ia 4500 | ||
|---|---|---|---|
| 001 | CTU_40011 | ||
| 008 | 210402s9999 xx 000 0 und d | ||
| 020 | |c 80000 | ||
| 082 | |a 590.2 | ||
| 082 | |b Tr400 | ||
| 245 | 0 | |a Trò chuyện cùng muông thú | |
| 245 | 0 | |c Nhiều tác giả | |
| 260 | |a Hà Nội | ||
| 260 | |b Thanh Niên | ||
| 260 | |c 1999 | ||
| 520 | |a Sách tập hợp những thông tin đa dạng đem đến cho bạn đọc nhiều hiểu biét phong phú về thế giới động vật và cảm nhận rõ hơn sự tiến triển và hình thành các trạng thái sinh học của các loài động vật trên thế giới. | ||
| 650 | |a Knowledge,Science,Zoology | ||
| 904 | |i Minh | ||
| 980 | |a Trung tâm Học liệu Trường Đại học Cần Thơ | ||